• 首页
  • 本馆介绍
  • 公告通知
  • 最新文献
  • 馆藏检索
  • 电子资源
  • 读者导购
  • 参考咨询
  • 我的图书馆
  • 登录
  • 详细信息显示
  • 放入我的书架
  • 预约/预借图书
  • 作者相关作品
  • 分类相关作品
  • 丛书相关作品
  • 出版社相关作品

书目信息

  • 表格格式
  • 工作单格式
  • 卡片格式
题名:
盖氏对数表(附用法)
    
 
作者: 陈忠杰 修订
分册:  
出版信息: 北京   商务印书馆  1956
页数: 112页
开本: 20cm
丛书名:
单 册:
中图分类: O1-644
科图分类:
主题词: 数学
电子资源:
ISBN:
000 00581nam0 2200217 450
001 0661895624
005 20070804132621.12
010    @dCNY0.40
100    @a20060724d1956 km y0chiy0120 ea
101 0  @achi
102    @aCN@b110000
102    @aCN@b110000
200 1  @a盖氏对数表(附用法)@Agai shi dui shu biao(fu yong fa)@f陈忠杰修订@Fchen zhong jie xiu ding
205    @a27版
210    @a北京@c商务印书馆@d1956
215    @a112页@d20cm
606 0  @a数学
690    @aO1-644@v3
701  0 @a陈忠杰@Achen zhong jie@4修订
801  0 @aCN@bPFT@c20070804
905    @dO1-644@e272=27
    
    盖氏对数表(附用法)/陈忠杰修订.-27版.-北京:商务印书馆,1956
    112页;20cm
    
    
    ISBN :CNY0.40
    
●
相关链接 在E读中查询图书 在五车中查询图书 在当当中查询图书 在豆瓣中查询图书


正题名:盖氏对数表(附用法)     索取号:O1-644/272=27         预约/预借

序号 登录号 条形码 馆藏地/架位号 状态 备注
1 0422909   204229094   密集书库/ [索取号:O1-644/272=27] 在馆    
2 0422910   204229101   密集书库/ [索取号:O1-644/272=27] 在馆    
3 0422911   204229110   密集书库/ [索取号:O1-644/272=27] 在馆    
4 0431194   204311949   密集书库/ [索取号:O1-644/272=27] 在馆    
5 0431195   204311958   密集书库/ [索取号:O1-644/272=27] 在馆    
6 0431196   204311967   密集书库/ [索取号:O1-644/272=27] 在馆    
7 0431197   204311976   密集书库/ [索取号:O1-644/272=27] 在馆    
8 0442553   204425531   密集书库/ [索取号:O1-644/272=27] 在馆    
9 0450010   204500101   密集书库/ [索取号:O1-644/272=27] 在馆    
10 0468575   204685750   密集书库/ [索取号:O1-644/272=27] 在馆    
11 0468576   204685769   密集书库/ [索取号:O1-644/272=27] 在馆    
12 0791728   207917281   密集书库/ [索取号:O1-644/272=27] 在馆    
13 0791729   207917290   第二样本阅览室/ [索取号:O1-644/272=27] 在馆    
14 0791730   207917307   密集书库/ [索取号:O1-644/272=27] 在馆    
唐山师范学院图书馆 欢迎您!
大连网信软件有限公司© 版权所有